Linear mixed models (Record no. 194404)
[ view plain ]
| 000 -LEADER | |
|---|---|
| fixed length control field | 00589nam a22002297a 4500 |
| 003 - CONTROL NUMBER IDENTIFIER | |
| control field | OSt |
| 020 ## - INTERNATIONAL STANDARD BOOK NUMBER | |
| International Standard Book Number | 9780367372439 |
| 082 ## - DEWEY DECIMAL CLASSIFICATION NUMBER | |
| Classification number | 519.535 |
| Item number | WES/LT |
| 100 ## - MAIN ENTRY--PERSONAL NAME | |
| Personal name | West, Brady T |
| 245 ## - TITLE STATEMENT | |
| Title | Linear mixed models |
| 250 ## - EDITION STATEMENT | |
| Edition statement | 2 |
| 260 ## - PUBLICATION, DISTRIBUTION, ETC. (IMPRINT) | |
| Place of publication, distribution, etc | London |
| Name of publisher, distributor, etc | CRC publications |
| Date of publication, distribution, etc | 2015 |
| 300 ## - PHYSICAL DESCRIPTION | |
| Extent | xviii,414p. |
| 546 ## - LANGUAGE | |
| Language note | English |
| 650 E# - SUBJECT ADDED ENTRY--TOPICAL TERM | |
| Topical term or geographic name as entry element | Linear mixed models |
| 650 E# - SUBJECT ADDED ENTRY--TOPICAL TERM | |
| Topical term or geographic name as entry element | Two level models for clustered data |
| 650 E# - SUBJECT ADDED ENTRY--TOPICAL TERM | |
| Topical term or geographic name as entry element | models for repeated measures of data |
| 650 E# - SUBJECT ADDED ENTRY--TOPICAL TERM | |
| Topical term or geographic name as entry element | models for clustered |
| 700 ## - ADDED ENTRY--PERSONAL NAME | |
| Personal name | Welch, Kathleen B |
| 700 ## - ADDED ENTRY--PERSONAL NAME | |
| Personal name | Galecki, Andrzej T |
| 942 ## - ADDED ENTRY ELEMENTS (KOHA) | |
| Source of classification or shelving scheme | Dewey Decimal Classification |
| Koha item type | Books (General) |
| Lost status | Source of classification or shelving scheme | Damaged status | Not for loan | Collection code | Home library | Current library | Shelving location | Date acquired | Cost, normal purchase price | Total Checkouts | Full call number | Barcode | Date last seen | Koha item type |
|---|---|---|---|---|---|---|---|---|---|---|---|---|---|---|
| Dewey Decimal Classification | General | KAU Central Library, Thrissur | KAU Central Library, Thrissur | General | 14/05/2020 | 3995.00 | 519.535 WES/LT | 230340 | 14/05/2020 | Books (General) |
